Word Ladder: 2009 Horror Film Quiz Stats

 Plays Quiz Updated Aug 15, 2017

Support Sporcle.
Go Orange.
Score 0/20 Timer 02:00
3 Plays Today
Clue 4-Letter Word % Correct
Pitt or Paisley, e.g.BRAD
93.2%
BoastBRAG
91.8%
Give temporarilyLEND
91.6%
Jay who hosted 'The Tonight Show'LENO
91.4%
Drop of sweatBEAD
90.5%
CurveBEND
89.5%
FixMEND
89%
★ 2009 Horror Film: '___ [Rung 11] [Rung 20]' ★
OR Type of race or queen
★DRAG★
86%
★ 2009 Horror Film: '[Rung 1] [Rung 11] ___' ★
OR Heaven's opposite
★HELL★
85.2%
Pb to a chemistLEAD
84.6%
Clue 4-Letter Word % Correct
Oscar-winning actor JaredLETO
84.4%
Terrible thing to waste?MIND
84.1%
Source of waterWELL
81.8%
Fuse metal with heat and solderWELD
81.6%
Seagull line in 'Finding Nemo'MINE
80.9%
★ 2009 Horror Film: '[Rung 1] ___ [Rung 20]'
OR Hozier's 'Take ____ Church' (2 wds.)
★ME TO★
79.3%
Bring together as oneMELD
75.2%
Honeyed potent potableMEAD
74.2%
A very small pesky arachnidMITE
72%
Dole out, as punishmentMETE
66.4%

Today's Daily Dose

You're not logged in!

Compare scores with friends on all Sporcle quizzes.
OR
Log In
Forgot?

From the Vault

Alphabet in Sporcle

by miyomiyo1

It's much harder if you play it backwards.
Remove Ads.
Support Sporcle.
Get the best of Sporcle when you Go Orange. This ad-free experience offers more features, more stats, and more fun while also helping to support Sporcle. Thank you for becoming a member.

Show Comments

Extras

Top Quizzes Today


Score Distribution

Your Account Isn't Verified!

In order to create a playlist on Sporcle, you need to verify the email address you used during registration. Go to your Sporcle Settings to finish the process.

Report this User

Report this user for behavior that violates our Community Guidelines.

Details: